El tiempo del ahora: El deber de atender a las ví­ctimas - El Centro de Atención a Ví­ctimas (CAV): ¿dónde estamos? (Record no. 12553)

MARC details
000 -LEADER
campo de control de longitud fija 00538nam a2200145Ia 4500
008 - DATOS DE LONGITUD FIJA--INFORMACIÓN GENERAL
campo de control de longitud fija 231129s2015||||xx |||||||||||||| ||spa||
020 ## - NÚMERO INTERNACIONAL ESTÁNDAR DEL LIBRO
Número Internacional Estándar del Libro 978-958-734-163-8
040 ## - FUENTE DE CATALOGACIÓN
Lengua de catalogación spa
082 ## - NÚMERO DE LA CLASIFICACIÓN DECIMAL DEWEY
Número de clasificación 303.6861 A473t
100 ## - ENTRADA PRINCIPAL--NOMBRE DE PERSONA
Nombre de persona ílvarez Correa G. E. Miguel
245 #0 - MENCIÓN DEL TÍTULO
Título El tiempo del ahora: El deber de atender a las ví­ctimas - El Centro de Atención a Ví­ctimas (CAV): ¿dónde estamos?
260 ## - PUBLICACIÓN, DISTRIBUCIÓN, ETC.
Fecha de publicación, distribución, etc. 2015
264 ## - PRODUCCIÓN, PUBLICACIÓN, DISTRIBUCIÓN, FABRICACIÓN Y COPYRIGHT
Producción, publicación, distribución, fabricación y copyright Bogotá Colombia : IEMP; Procuraduria General de la Nación
942 ## - ELEMENTOS DE ENTRADA SECUNDARIOS (KOHA)
Fuente del sistema de clasificación o colocación Clasificación Decimal Dewey
Tipo de ítem Koha
Holdings
Estatus retirado Estado de pérdida Fuente del sistema de clasificación o colocación Estado de daño No para préstamo Biblioteca de origen Biblioteca actual Fecha de adquisición Total de préstamos Signatura topográfica completa Código de barras Visto por última vez Copia número Precio de reemplazo Tipo de ítem Koha
    Clasificación Decimal Dewey     BIBLIOTECA PÚBLICA MUNICIPAL RAMON CORREA MEJIA BIBLIOTECA PÚBLICA MUNICIPAL RAMON CORREA MEJIA 11/12/2015   303.6861 A473t 36948 29/11/2023 1 29/11/2023 Libros

Powered by Koha